Desatero v obchodě s Ruskem.

Rozbor desiatich bariér, ktoré z pohľadu radového podnikateľa sú limitujúce pre zahraničný obchod ČR s Ruskom. Sú to: partneri, mentalita, redukcia, komunikácia, identifikácia, relácia, informácie, ceny a platby, kvalita, doprava. Návod na prekonanie týchto bariér.

Salvato in:
Dettagli Bibliografici
Autore principale: Oswald, E.
Natura: Capitolo di libro
Lingua:ceco
Soggetti:
Tags: Aggiungi Tag
Nessun Tag, puoi essere il primo ad aggiungerne!!

MARC

LEADER 00000naa a2200000 4500
001 r012362
005 20220826093345.5
041 0 |a cze 
044 |a CZ 
245 1 0 |a Desatero v obchodě s Ruskem.  |c E. Oswald 
520 |a Rozbor desiatich bariér, ktoré z pohľadu radového podnikateľa sú limitujúce pre zahraničný obchod ČR s Ruskom. Sú to: partneri, mentalita, redukcia, komunikácia, identifikácia, relácia, informácie, ceny a platby, kvalita, doprava. Návod na prekonanie týchto bariér. 
610 2 0 |a obchod zahraničný 
610 2 0 |a bariéry obchodu zahraničného 
610 2 0 |a Čechy 
610 2 0 |a Rusko 
100 1 |a Oswald, E.